000 00636nam a2200277Ia 4500
005 20260324150949.0
008 008 260324s9999 xx 000 0 eng d
020 _a9781003559986
037 _aEBOOK
040 _aCRL
040 _beng
040 _cCRL
041 _2eng
041 _aeng
084 _qCRL
100 _aHerbert Westerby
_91228246
245 4 _aThe History of Pianoforte Music
260 _bTaylor and Francis
260 _c1924
365 _a
365 _b135
856 _uhttp://www.taylorfrancis.com/books/9781003559986
942 _cEBOOK
999 _c1838578
_d1838578